Los bucaneros de las Indias occidentales en el siglo XVII
Guardat en:
| Autor principal: | |
|---|---|
| Format: | Llibre |
| Idioma: | espanyol |
| Publicat: |
Brujas
Desclèe
1939
|
| Edició: | 2a. ed |
| Matèries: | |
| Etiquetes: |
Afegir etiqueta
Sense etiquetes, Sigues el primer a etiquetar aquest registre!
|
MARC
| LEADER | 00000nam a2200000 a 4500 | ||
|---|---|---|---|
| 001 | UCP7906 | ||
| 003 | CL-VaPUC | ||
| 008 | 000106e19390000BE |||||||||||||||||spa|d | ||
| 082 | 0 | 4 | |a 910.45 |b HAR |2 21 |
| 100 | |a Haring, Clarence H |e author |9 448719 | ||
| 245 | 1 | 4 | |a Los bucaneros de las Indias occidentales en el siglo XVII |
| 250 | |a 2a. ed | ||
| 300 | |a 274 p | ||
| 942 | |c BK | ||
| 945 | |d 20000106 00:00:00 |a rherrera | ||
| 260 | |a Brujas |b Desclèe |c 1939 | ||
| 650 | 0 | |a Viajes |9 257115 | |
| 650 | 7 | |a BUCANEROS |2 CL-VaPUC |9 437599 | |
| 650 | 7 | |a PIRATAS |2 CL-VaPUC |9 317855 | |
| 650 | 0 | |a Historia |y Siglo 17 |9 255532 | |
| 650 | 0 | |a Relatos |9 369412 | |
| 651 | 0 | |a Antillas |9 323642 | |
| 651 | 7 | |a JAMAICA |2 CL-VaPUC |9 350605 | |
| 651 | 7 | |a PANAMA |2 CL-VaPUC |9 257728 | |
| 583 | |a last modification |c 20000106 00:00:00 |k Rodrigo Vera | ||
| 999 | |c 284943 |d 284941 | ||
| 952 | |0 0 |1 0 |4 0 |6 910_450000000000000_HAR_1939 |7 0 |8 X |9 329261 |a BIBHIS |b BIBHIS |d 2019-11-20 |i 1376241 |o 910.45 HAR 1939 |p 1376241 |r 2024-01-30 |w 2019-11-20 |y BK_X |k HIS | ||